[Event "WCh-FIDE"]
[Site "San Luis ARG"]
[Date "2005.10.05"]
[Round "7"]
[White "Morozevich, A."]
[Black "Anand, V."]
[Result "1-0"]
[WhiteElo "2707"]
[BlackElo "2788"]
[PlyCount "102"]
[EventDate "2005.09.28"]

1. e4 c6 2. d4 d5 3. e5 Bf5 4. Nf3 e6 5. Be2 Ne7 6. Nbd2 h6 7. O-O Nd7 8. c3 a6
9. Nb3 Rc8 10. Nh4 Bh7 11. f4 c5 12. Bh5 Nf5 13. Nxf5 Bxf5 14. Be3 g6 15. Be2
h5 16. dxc5 Nxc5 17. Nd4 Be4 18. a4 h4 19. a5 h3 20. g3 Bg2 21. Rf2 Ne4 22.
Rxg2 hxg2 23. Kxg2 Bc5 24. Bd3 Qd7 25. Qf3 Bxd4 26. Bxd4 f5 27. exf6 e5 28.
Bxe4 Qh3+ 29. Kf2 Qxh2+ 30. Qg2 exd4 31. Bxg6+ Kf8 32. Re1 d3 33. Bxd3 Rc6 34.
Re5 Rd6 35. Kf3 Qxg2+ 36. Kxg2 Rh6 37. g4 Rhxf6 38. f5 Rf7 39. Kg3 b5 40. axb6
Rxb6 41. g5 Rd7 42. f6 d4 43. Bg6 Rb8 44. cxd4 Rxd4 45. Re7 Rdb4 46. Rf7+ Kg8
47. Rg7+ Kh8 48. Bf7 Rd4 49. Rg6 Rd3+ 50. Kg4 Rb4+ 51. Kf5 Rf3+ 1-0